[Event "DEM U16 2019"]
[Site "Willingen GER"]
[Date "2019.06.11"]
[Round "4"]
[White "Suvorov, Alexander"]
[Black "Woelk, Tom-Frederic"]
[Result "1/2-1/2"]
[Termination "normal"]
[Board "1"]
[WhiteTitle "FM"]
[WhiteElo "2321"]
[BlackElo "2239"]
[WhiteClock "00:27:16"]
[BlackClock "00:14:14"]
[PlyCount "87"]
[WhiteFideId "12977063"]
[BlackFideId "12993077"]
[EventCountry "GER"]
[EventRounds "9"]
[EventType "swiss"]
[EventDate "2019.06.08"]

1. d4 {[%clk 1:30:57]} 1... Nf6 {[%clk 1:30:54]} 2. c4 {[%clk 1:31:18]} 2... e6
{[%clk 1:31:20]} 3. Nc3 {[%clk 1:31:40]} 3... Bb4 {[%clk 1:31:44]} 4. e3 {
[%clk 1:32:05]} 4... O-O {[%clk 1:32:08]} 5. Nge2 {[%clk 1:32:18]} 5... Re8 {
[%clk 1:32:32]} 6. a3 {[%clk 1:32:16]} 6... Bf8 {[%clk 1:32:57]} 7. Ng3 { [%clk
1:32:01]} 7... d5 {[%clk 1:33:20]} 8. cxd5 {[%clk 1:25:24]} 8... exd5 { [%clk
1:33:41]} 9. Bd3 {[%clk 1:24:44]} 9... c5 {[%clk 1:25:42]} 10. O-O { [%clk
1:12:38]} 10... b6 {[%clk 1:20:10]} 11. b3 {[%clk 1:01:32]} 11... cxd4 { [%clk
1:04:24]} 12. exd4 {[%clk 1:01:54]} 12... Ba6 {[%clk 1:04:38]} 13. Nb5 { [%clk
0:42:27]} 13... Ne4 {[%clk 0:58:14]} 14. Bf4 {[%clk 0:35:00]} 14... Bxb5 {[%clk
0:57:14]} 15. Bxb5 {[%clk 0:35:15]} 15... Nc3 {[%clk 0:57:26]} 16. Qd3 { [%clk
0:35:28]} 16... Nxb5 {[%clk 0:57:51]} 17. Qxb5 {[%clk 0:35:52]} 17... a6 {[%clk
0:56:38]} 18. Qd3 {[%clk 0:33:56]} 18... Bd6 {[%clk 0:51:12]} 19. Bxd6 { [%clk
0:28:55]} 19... Qxd6 {[%clk 0:51:34]} 20. Rfe1 {[%clk 0:27:58]} 20... Rxe1+
{[%clk 0:45:59]} 21. Rxe1 {[%clk 0:28:27]} 21... Nc6 {[%clk 0:40:45]} 22. Rc1
{[%clk 0:24:51]} 22... g6 {[%clk 0:36:22]} 23. b4 {[%clk 0:18:51]} 23... Nd8
{[%clk 0:35:33]} 24. Nf1 {[%clk 0:17:48]} 24... Ne6 {[%clk 0:34:42]} 25. Ne3
{[%clk 0:15:31]} 25... b5 {[%clk 0:32:06]} 26. Qc3 {[%clk 0:12:00]} 26... Rd8
{[%clk 0:26:58]} 27. g3 {[%clk 0:08:57]} 27... Kg7 {[%clk 0:22:07]} 28. h4
{[%clk 0:08:43]} 28... Rd7 {[%clk 0:21:35]} 29. Qd2 {[%clk 0:06:29]} 29... h5 {
[%clk 0:21:20]} 30. Qb2 {[%clk 0:05:49]} 30... Qb6 {[%clk 0:20:52]} 31. Rd1 {
[%clk 0:05:07]} 31... Qc6 {[%clk 0:20:52]} 32. Qb3 {[%clk 0:04:44]} 32... Nc7 {
[%clk 0:18:52]} 33. Qd3 {[%clk 0:04:07]} 33... Na8 {[%clk 0:15:02]} 34. Ng2 {
[%clk 0:03:46]} 34... Nb6 {[%clk 0:14:09]} 35. Re1 {[%clk 0:03:50]} 35... Qf6 {
[%clk 0:14:03]} 36. Nf4 {[%clk 0:03:24]} 36... Re7 {[%clk 0:14:13]} 37. Rxe7
37... Qxe7 {[%clk 0:14:42]} 38. Qc3 {[%clk 0:03:01]} 38... Qe4 {[%clk 0:09:47]}
39. Qc5 {[%clk 0:02:16]} 39... Nc4 {[%clk 0:09:47]} 40. Nxd5 {[%clk 0:00:41]}
40... Qe1+ {[%clk 0:10:09]} 41. Kg2 {[%clk 0:00:57]} 41... Qe4+ {[%clk 0:10:03]
} 42. Kg1 {[%clk 0:26:57]} 42... Qe1+ {[%clk 0:14:02]} 43. Kg2 {[%clk 0:27:18]}
43... Qe4+ {[%clk 0:14:14]} 44. Kg1 {[%clk 0:27:16]} 1/2-1/2

[Event "DEM U16 2019"]
[Site "Willingen GER"]
[Date "2019.06.11"]
[Round "4"]
[White "Wachinger, Nikolas"]
[Black "Köllner, Ruben Gideon"]
[Result "1/2-1/2"]
[Termination "normal"]
[Board "2"]
[WhiteElo "2311"]
[BlackElo "2290"]
[WhiteClock "00:09:27"]
[BlackClock "00:04:14"]
[PlyCount "148"]
[WhiteFideId "12962791"]
[BlackFideId "12993093"]
[EventCountry "GER"]
[EventRounds "9"]
[EventType "swiss"]
[EventDate "2019.06.08"]

1. d4 Nf6 2. c4 e6 3. Nc3 d5 4. cxd5 exd5 5. Bg5 Be7 6. e3 c6 7. Qc2 h6 8. Bh4
Nbd7 9. Bd3 Nh5 10. Bxe7 Qxe7 11. Nge2 Nb6 12. h3 Nf6 13. g4 Be6 14. O-O-O
O-O-O 15. Na4 Nxa4 16. Qxa4 Kb8 17. Kb1 Nd7 18. Qc2 Nb6 19. Nf4 g6 20. Rdg1 Nc8
21. h4 Nd6 22. Nxe6 Qxe6 23. h5 g5 24. Rh3 Rhg8 25. Rf3 Rde8 26. Bf5 Qe7 27.
Qd3 Nc4 28. b3 Qb4 29. Rd1 a5 30. Ka1 Nd6 31. Qd2 Rg7 32. Bd3 Ne4 33. Qxb4 axb4
34. Kb2 Kc7 35. a3 bxa3+ 36. Kxa3 Nd6 37. Kb4 Kd7 38. Rf6 Rh8 39. Kc5 b6+ 40.
Kb4 Ke7 41. Rf3 Rgg8 42. Ka3 Ra8+ 43. Kb2 Ra5 44. Rh3 Rha8 45. Bb1 Rb5 46. Kc2
Ra3 47. Rd3 c5 48. dxc5 bxc5 49. Kb2 Nc4+ 50. Kc2 Ne5 51. Rxd5 Nxg4 52. e4 Nxf2
53. Rc3 Ra6 54. Kb2 Re6 55. e5 Ng4 56. Bf5 Nxe5 57. Bxe6 Kxe6 58. Rd8 c4 59.
Rh8 Rxb3+ 60. Rxb3 cxb3 61. Rxh6+ Kf5 62. Rh8 f6 63. Rg8 Nf7 64. Rg7 Nh6 65.
Rg6 Nf7 66. Kxb3 g4 67. Kc3 Ng5 68. Kd2 g3 69. Ke2 Ne6 70. Rxg3 Nf4+ 71. Kf3
Nxh5 72. Rg8 Nf4 73. Rf8 Ng6 74. Rxf6+ Kxf6 1/2-1/2

[Event "DEM U16 2019"]
[Site "Willingen GER"]
[Date "2019.06.11"]
[Round "4"]
[White "Kölle, Tobias"]
[Black "Post, Hugo"]
[Result "1/2-1/2"]
[Termination "normal"]
[Board "3"]
[WhiteElo "2225"]
[BlackElo "2113"]
[WhiteClock "00:49:48"]
[BlackClock "00:35:23"]
[PlyCount "49"]
[WhiteFideId "16207378"]
[BlackFideId "12962490"]
[EventCountry "GER"]
[EventRounds "9"]
[EventType "swiss"]
[EventDate "2019.06.08"]

1. d4 {[%clk 1:30:58]} 1... Nf6 {[%clk 1:30:54]} 2. c4 {[%clk 1:31:24]} 2... e6
{[%clk 1:31:20]} 3. Nc3 {[%clk 1:31:49]} 3... Bb4 {[%clk 1:31:44]} 4. Nf3 {
[%clk 1:32:13]} 4... c5 {[%clk 1:31:47]} 5. g3 {[%clk 1:32:35]} 5... Nc6 {
[%clk 1:32:05]} 6. Bg2 {[%clk 1:31:19]} 6... Ne4 {[%clk 1:32:16]} 7. Bd2 {
[%clk 1:30:43]} 7... Nxd2 {[%clk 1:32:14]} 8. Qxd2 {[%clk 1:31:08]} 8... cxd4 {
[%clk 1:32:31]} 9. Nxd4 {[%clk 1:31:31]} 9... O-O {[%clk 1:32:47]} 10. O-O {
[%clk 1:31:45]} 10... Ne5 {[%clk 1:32:19]} 11. b3 {[%clk 1:28:49]} 11... a6 {
[%clk 1:30:27]} 12. a3 {[%clk 1:28:33]} 12... Be7 {[%clk 1:29:49]} 13. Nf3 {
[%clk 1:27:16]} 13... Nxf3+ {[%clk 1:05:17]} 14. Bxf3 {[%clk 1:22:52]} 14...
Rb8 {[%clk 1:04:55]} 15. b4 {[%clk 1:12:21]} 15... b6 {[%clk 1:01:13]} 16. Rfd1
{[%clk 1:10:14]} 16... Qc7 {[%clk 0:46:27]} 17. Rac1 {[%clk 1:07:29]} 17... Rd8
{[%clk 0:43:16]} 18. Ne4 {[%clk 1:06:19]} 18... Bb7 {[%clk 0:40:07]} 19. Nd6 {
[%clk 1:03:18]} 19... Bxf3 {[%clk 0:40:11]} 20. exf3 {[%clk 1:03:37]} 20...
Bxd6 {[%clk 0:36:20]} 21. Qxd6 {[%clk 1:04:05]} 21... Qxd6 {[%clk 0:36:34]} 22.
Rxd6 {[%clk 1:04:33]} 22... Kf8 {[%clk 0:36:57]} 23. Rcd1 {[%clk 0:55:47]}
23... Ke7 {[%clk 0:36:53]} 24. Kf1 {[%clk 0:53:19]} 24... Rb7 {[%clk 0:35:23]}
25. c5 {[%clk 0:49:48]} 1/2-1/2

[Event "DEM U16 2019"]
[Site "Willingen GER"]
[Date "2019.06.11"]
[Round "4"]
[White "Gutkin, Ilya"]
[Black "Stork, Oliver"]
[Result "0-1"]
[Termination "normal"]
[Board "4"]
[WhiteElo "2041"]
[BlackElo "2183"]
[WhiteClock "00:01:52"]
[BlackClock "00:11:09"]
[PlyCount "74"]
[WhiteFideId "16203470"]
[BlackFideId "12955728"]
[EventCountry "GER"]
[EventRounds "9"]
[EventType "swiss"]
[EventDate "2019.06.08"]

1. Nf3 {[%clk 1:30:48]} 1... Nf6 {[%clk 1:30:54]} 2. c4 {[%clk 1:31:14]} 2...
e6 {[%clk 1:31:18]} 3. g3 {[%clk 1:31:40]} 3... d5 {[%clk 1:31:43]} 4. Bg2 {
[%clk 1:32:05]} 4... d4 {[%clk 1:32:06]} 5. d3 {[%clk 1:26:53]} 5... c5 { [%clk
1:32:17]} 6. b4 {[%clk 1:18:50]} 6... cxb4 {[%clk 1:32:00]} 7. a3 { [%clk
1:19:14]} 7... Nc6 {[%clk 1:32:06]} 8. O-O {[%clk 1:19:30]} 8... Be7 { [%clk
1:22:27]} 9. axb4 {[%clk 1:13:22]} 9... Bxb4 {[%clk 1:20:39]} 10. Ba3 { [%clk
1:13:35]} 10... O-O {[%clk 1:11:53]} 11. Nbd2 {[%clk 1:07:53]} 11... Bxa3
{[%clk 1:08:55]} 12. Rxa3 {[%clk 1:08:17]} 12... e5 {[%clk 1:09:13]} 13. Qb3 {
[%clk 1:01:00]} 13... Qe7 {[%clk 1:00:50]} 14. Rb1 {[%clk 0:55:09]} 14... Nd7 {
[%clk 0:55:10]} 15. Ne1 {[%clk 0:47:07]} 15... Nc5 {[%clk 0:40:17]} 16. Qa2 {
[%clk 0:47:26]} 16... Bd7 {[%clk 0:37:34]} 17. Nc2 {[%clk 0:30:47]} 17... a6 {
[%clk 0:24:09]} 18. Nb3 {[%clk 0:24:25]} 18... Rab8 {[%clk 0:23:38]} 19. Nxc5 {
[%clk 0:17:00]} 19... Qxc5 {[%clk 0:24:02]} 20. Rab3 {[%clk 0:17:26]} 20... b5
{[%clk 0:18:48]} 21. Qxa6 {[%clk 0:16:34]} 21... bxc4 {[%clk 0:18:20]} 22. dxc4
{[%clk 0:08:54]} 22... Rxb3 {[%clk 0:15:38]} 23. Rxb3 {[%clk 0:09:19]} 23...
Na5 {[%clk 0:14:39]} 24. Rb4 {[%clk 0:08:16]} 24... Bf5 {[%clk 0:12:58]} 25.
Ra4 {[%clk 0:05:11]} 25... Nb3 {[%clk 0:12:17]} 26. Nb4 {[%clk 0:04:29]} 26...
e4 {[%clk 0:12:00]} 27. Nc6 {[%clk 0:04:05]} 27... d3 {[%clk 0:11:38]} 28. exd3
{[%clk 0:03:35]} 28... e3 {[%clk 0:11:01]} 29. Qb5 {[%clk 0:01:45]} 29... Qxb5
{[%clk 0:10:40]} 30. cxb5 {[%clk 0:02:08]} 30... e2 {[%clk 0:11:07]} 31. Ne7+ {
[%clk 0:01:24]} 31... Kh8 {[%clk 0:11:32]} 32. Nxf5 {[%clk 0:01:44]} 32...
e1=Q+ {[%clk 0:11:55]} 33. Bf1 {[%clk 0:02:09]} 33... Nd2 {[%clk 0:11:47]} 34.
Ne3 {[%clk 0:02:34]} 34... Re8 {[%clk 0:11:52]} 35. Rf4 {[%clk 0:01:48]} 35...
Qb1 {[%clk 0:10:24]} 36. Rf5 {[%clk 0:01:28]} 36... Nxf1 {[%clk 0:10:45]} 37.
Nxf1 {[%clk 0:01:52]} 37... Re1 {[%clk 0:11:09]} 0-1

[Event "DEM U16 2019"]
[Site "Willingen GER"]
[Date "2019.06.11"]
[Round "4"]
[White "Dobrikov, Marco"]
[Black "Rietschel, Tilo"]
[Result "1-0"]
[Termination "normal"]
[Board "5"]
[WhiteElo "2281"]
[BlackElo "2005"]
[WhiteClock "00:10:54"]
[BlackClock "00:03:51"]
[PlyCount "137"]
[WhiteFideId "12950378"]
[BlackFideId "16208390"]
[EventCountry "GER"]
[EventRounds "9"]
[EventType "swiss"]
[EventDate "2019.06.08"]

1. e4 {[%clk 1:30:59]} 1... c5 {[%clk 1:30:54]} 2. Nf3 {[%clk 1:31:25]} 2... d6
{[%clk 1:31:20]} 3. d4 {[%clk 1:31:53]} 3... cxd4 {[%clk 1:31:47]} 4. Nxd4 {
[%clk 1:32:20]} 4... Nf6 {[%clk 1:32:12]} 5. Nc3 {[%clk 1:32:48]} 5... g6 {
[%clk 1:32:39]} 6. Be3 {[%clk 1:33:15]} 6... Bg7 {[%clk 1:33:05]} 7. f3 { [%clk
1:33:40]} 7... O-O {[%clk 1:33:29]} 8. Qd2 {[%clk 1:34:09]} 8... Nc6 { [%clk
1:33:51]} 9. O-O-O {[%clk 1:34:34]} 9... d5 {[%clk 1:33:55]} 10. Qe1 { [%clk
1:34:59]} 10... e5 {[%clk 1:31:21]} 11. Nxc6 {[%clk 1:34:20]} 11... bxc6 {[%clk
1:31:46]} 12. exd5 {[%clk 1:34:43]} 12... Nxd5 {[%clk 1:32:03]} 13. Bc4 {[%clk
1:33:14]} 13... Be6 {[%clk 1:32:21]} 14. Ne4 {[%clk 1:30:27]} 14... Qc7 {[%clk
1:28:23]} 15. Bc5 {[%clk 1:28:19]} 15... Rfd8 {[%clk 1:27:52]} 16. g4 { [%clk
1:23:45]} 16... Rd7 {[%clk 1:14:07]} 17. h4 {[%clk 1:15:27]} 17... h6 { [%clk
1:07:57]} 18. Ba3 {[%clk 1:04:59]} 18... Re8 {[%clk 0:58:49]} 19. h5 { [%clk
0:57:13]} 19... g5 {[%clk 0:55:50]} 20. Nc5 {[%clk 0:55:21]} 20... Rdd8 { [%clk
0:55:00]} 21. Nxe6 {[%clk 0:53:42]} 21... Rxe6 {[%clk 0:55:02]} 22. Qe4 { [%clk
0:51:59]} 22... Nf6 {[%clk 0:50:08]} 23. Rxd8+ {[%clk 0:50:11]} 23... Qxd8
{[%clk 0:50:31]} 24. Qe3 {[%clk 0:44:00]} 24... Nd5 {[%clk 0:48:41]} 25. Rd1
{[%clk 0:38:14]} 25... e4 {[%clk 0:36:30]} 26. fxe4 {[%clk 0:35:49]} 26... Qe8
{[%clk 0:35:52]} 27. Rxd5 {[%clk 0:27:21]} 27... cxd5 {[%clk 0:31:55]} 28. Bxd5
{[%clk 0:27:49]} 28... Ra6 {[%clk 0:27:01]} 29. Bc5 {[%clk 0:24:28]} 29... Be5
{[%clk 0:22:29]} 30. Qe2 {[%clk 0:23:24]} 30... Qc8 {[%clk 0:21:14]} 31. Be3
{[%clk 0:19:23]} 31... Kf8 {[%clk 0:15:40]} 32. Kb1 {[%clk 0:18:07]} 32... Ke7
{[%clk 0:14:52]} 33. c4 {[%clk 0:17:11]} 33... Ra5 {[%clk 0:10:58]} 34. c5
{[%clk 0:14:06]} 34... Rxc5 {[%clk 0:10:18]} 35. Bxc5+ {[%clk 0:13:25]} 35...
Qxc5 {[%clk 0:10:43]} 36. a3 {[%clk 0:12:05]} 36... Qb6 {[%clk 0:05:52]} 37.
Ka2 {[%clk 0:10:08]} 37... f6 {[%clk 0:05:31]} 38. Qd2 {[%clk 0:03:09]} 38...
a5 {[%clk 0:03:29]} 39. Qc2 {[%clk 0:02:33]} 39... Kd6 {[%clk 0:02:40]} 40. Bb3
{[%clk 0:02:13]} 40... Qc5 {[%clk 0:01:24]} 41. Qd3+ {[%clk 0:30:16]} 41... Qd4
{[%clk 0:25:12]} 42. Qa6+ {[%clk 0:29:41]} 42... Kd7 {[%clk 0:21:53]} 43. Qb5+
{[%clk 0:28:43]} 43... Kd6 {[%clk 0:18:22]} 44. Ba4 {[%clk 0:25:31]} 44... Qxe4
{[%clk 0:09:31]} 45. Qb8+ {[%clk 0:15:34]} 45... Kc5 {[%clk 0:08:05]} 46. Qb5+
{[%clk 0:13:58]} 46... Kd6 {[%clk 0:07:00]} 47. Qxa5 {[%clk 0:08:30]} 47...
Qc4+ {[%clk 0:05:00]} 48. Bb3 {[%clk 0:08:03]} 48... Qd4 {[%clk 0:02:08]} 49.
Qd8+ {[%clk 0:06:09]} 49... Kc5 {[%clk 0:02:31]} 50. Qxd4+ {[%clk 0:05:28]}
50... Bxd4 {[%clk 0:02:43]} 51. Be6 {[%clk 0:05:50]} 51... Kd6 {[%clk 0:02:18]}
52. Bf5 {[%clk 0:06:01]} 52... Bf2 {[%clk 0:01:25]} 53. b4 {[%clk 0:06:22]}
53... Kd5 {[%clk 0:01:05]} 54. Kb3 {[%clk 0:06:47]} 54... Be3 {[%clk 0:01:08]}
55. a4 {[%clk 0:07:08]} 55... Bd2 {[%clk 0:01:18]} 56. a5 {[%clk 0:06:49]}
56... Be1 {[%clk 0:01:07]} 57. Ka4 {[%clk 0:06:41]} 57... Kc6 {[%clk 0:01:00]}
58. Be4+ {[%clk 0:06:57]} 58... Kc7 {[%clk 0:01:19]} 59. b5 {[%clk 0:07:16]}
59... Bf2 {[%clk 0:01:29]} 60. b6+ {[%clk 0:07:36]} 60... Bxb6 {[%clk 0:01:49]}
61. axb6+ {[%clk 0:07:47]} 61... Kxb6 {[%clk 0:02:18]} 62. Kb4 {[%clk 0:08:12]}
62... Kc7 {[%clk 0:02:40]} 63. Kc5 {[%clk 0:08:38]} 63... Kd7 {[%clk 0:03:00]}
64. Kd5 {[%clk 0:08:58]} 64... Ke7 {[%clk 0:03:20]} 65. Bf5 {[%clk 0:09:17]}
65... Kf7 {[%clk 0:03:24]} 66. Kd6 {[%clk 0:09:39]} 66... Kf8 {[%clk 0:03:38]}
67. Ke6 {[%clk 0:10:05]} 67... Kg7 {[%clk 0:04:04]} 68. Ke7 {[%clk 0:10:33]}
68... Kh8 {[%clk 0:03:51]} 69. Kxf6 {[%clk 0:10:54]} 1-0

[Event "DEM U16 2019"]
[Site "Willingen GER"]
[Date "2019.06.11"]
[Round "4"]
[White "Hommel, Niclas"]
[Black "Nguyen, Alex Dac-Vuong"]
[Result "1/2-1/2"]
[Termination "normal"]
[Board "7"]
[WhiteElo "1953"]
[BlackElo "2287"]
[WhiteClock "00:41:58"]
[BlackClock "00:39:17"]
[PlyCount "56"]
[WhiteFideId "12974927"]
[BlackFideId "12984388"]
[EventCountry "GER"]
[EventRounds "9"]
[EventType "swiss"]
[EventDate "2019.06.08"]

1. e4 {[%clk 1:30:59]} 1... c5 {[%clk 1:30:53]} 2. Nf3 {[%clk 1:31:25]} 2... e6
{[%clk 1:31:17]} 3. d4 {[%clk 1:31:48]} 3... cxd4 {[%clk 1:31:41]} 4. Nxd4 {
[%clk 1:32:15]} 4... a6 {[%clk 1:32:05]} 5. Bd3 {[%clk 1:32:18]} 5... Nf6 {
[%clk 1:32:23]} 6. O-O {[%clk 1:31:55]} 6... Qc7 {[%clk 1:31:23]} 7. Qe2 {
[%clk 1:32:18]} 7... d6 {[%clk 1:31:41]} 8. c4 {[%clk 1:32:22]} 8... g6 { [%clk
1:30:46]} 9. Nc3 {[%clk 1:29:45]} 9... Bg7 {[%clk 1:31:03]} 10. Nf3 { [%clk
1:28:41]} 10... O-O {[%clk 1:27:55]} 11. Rd1 {[%clk 1:28:12]} 11... Nc6 { [%clk
1:28:11]} 12. Bf4 {[%clk 1:21:12]} 12... e5 {[%clk 1:28:26]} 13. Be3 { [%clk
1:13:45]} 13... Bg4 {[%clk 1:26:53]} 14. Rac1 {[%clk 1:05:41]} 14... Nd4 {[%clk
1:15:48]} 15. Bxd4 {[%clk 1:06:02]} 15... exd4 {[%clk 1:16:07]} 16. Nd5 {[%clk
1:06:28]} 16... Nxd5 {[%clk 1:13:44]} 17. cxd5 {[%clk 1:06:40]} 17... Qb6
{[%clk 1:09:19]} 18. Rc2 {[%clk 0:54:12]} 18... Rfc8 {[%clk 0:50:29]} 19. Rdc1
{[%clk 0:50:21]} 19... Qd8 {[%clk 0:49:11]} 20. h3 {[%clk 0:46:15]} 20... Bxf3
{[%clk 0:48:14]} 21. Qxf3 {[%clk 0:46:39]} 21... Bh6 {[%clk 0:46:28]} 22. Rxc8
{[%clk 0:46:34]} 22... Rxc8 {[%clk 0:46:52]} 23. Rxc8 {[%clk 0:46:58]} 23...
Qxc8 {[%clk 0:47:15]} 24. Qd1 {[%clk 0:47:26]} 24... Bc1 {[%clk 0:42:49]} 25.
Qb3 {[%clk 0:42:26]} 25... b5 {[%clk 0:38:28]} 26. a4 {[%clk 0:42:34]} 26...
bxa4 {[%clk 0:38:51]} 27. Qxa4 {[%clk 0:43:00]} 27... Bxb2 { [%clk 0:39:12]}
28. Qc6 {[%clk 0:41:58]} 28... Qd8 {[%clk 0:39:17]} 1/2-1/2

[Event "DEM U16 2019"]
[Site "Willingen GER"]
[Date "2019.06.11"]
[Round "4"]
[White "Kopylov, Daniel"]
[Black "Richter, Nils"]
[Result "0-1"]
[Termination "normal"]
[Board "8"]
[WhiteElo "2263"]
[BlackElo "2121"]
[WhiteClock "00:02:53"]
[BlackClock "00:16:50"]
[PlyCount "136"]
[WhiteFideId "12921971"]
[BlackFideId "12990809"]
[EventCountry "GER"]
[EventRounds "9"]
[EventType "swiss"]
[EventDate "2019.06.08"]

1. e4 {[%clk 1:30:57]} 1... c5 {[%clk 1:30:53]} 2. Nf3 {[%clk 1:31:21]} 2... e6
{[%clk 1:31:18]} 3. d4 {[%clk 1:31:02]} 3... cxd4 {[%clk 1:31:42]} 4. Nxd4 {
[%clk 1:31:28]} 4... Nc6 {[%clk 1:32:06]} 5. Nc3 {[%clk 1:31:44]} 5... Qc7 {
[%clk 1:32:30]} 6. Be2 {[%clk 1:31:48]} 6... a6 {[%clk 1:32:37]} 7. Be3 { [%clk
1:30:25]} 7... Nf6 {[%clk 1:32:27]} 8. f4 {[%clk 1:27:52]} 8... b5 { [%clk
1:28:23]} 9. Nxc6 {[%clk 1:07:17]} 9... dxc6 {[%clk 1:28:47]} 10. Bf3 { [%clk
1:07:32]} 10... Bb7 {[%clk 1:24:10]} 11. a3 {[%clk 0:57:50]} 11... Be7 { [%clk
1:13:42]} 12. O-O {[%clk 0:54:41]} 12... O-O {[%clk 1:12:52]} 13. g4 { [%clk
0:52:09]} 13... Nd7 {[%clk 1:08:22]} 14. g5 {[%clk 0:49:54]} 14... Bc5 { [%clk
1:07:32]} 15. Bxc5 {[%clk 0:48:51]} 15... Nxc5 {[%clk 1:07:59]} 16. Bg2 { [%clk
0:48:58]} 16... a5 {[%clk 1:01:39]} 17. Qh5 {[%clk 0:42:07]} 17... Qb6 { [%clk
0:51:53]} 18. Kh1 {[%clk 0:41:32]} 18... b4 {[%clk 0:52:03]} 19. Ne2 { [%clk
0:23:23]} 19... Ba6 {[%clk 0:50:22]} 20. axb4 {[%clk 0:20:39]} 20... axb4
{[%clk 0:50:34]} 21. b3 {[%clk 0:20:08]} 21... Rad8 {[%clk 0:46:56]} 22. Rfd1 {
[%clk 0:18:21]} 22... Bb5 {[%clk 0:24:13]} 23. Ng3 {[%clk 0:17:16]} 23... Nb7 {
[%clk 0:20:40]} 24. Qf3 {[%clk 0:13:05]} 24... Qc5 {[%clk 0:20:25]} 25. Bf1 {
[%clk 0:07:58]} 25... Qxc2 {[%clk 0:16:30]} 26. Bxb5 {[%clk 0:07:04]} 26...
cxb5 {[%clk 0:16:59]} 27. Rxd8 {[%clk 0:01:52]} 27... Rxd8 {[%clk 0:17:28]} 28.
e5 {[%clk 0:02:02]} 28... Qc3 {[%clk 0:16:50]} 29. Rf1 {[%clk 0:00:55]} 29...
Nc5 {[%clk 0:16:02]} 30. f5 {[%clk 0:00:34]} 30... Qxb3 {[%clk 0:15:37]} 31.
Qxb3 {[%clk 0:00:34]} 31... Nxb3 {[%clk 0:16:05]} 32. Rb1 {[%clk 0:00:56]}
32... Nd4 {[%clk 0:14:49]} 33. fxe6 {[%clk 0:00:33]} 33... Nxe6 {[%clk 0:14:33]
} 34. Rxb4 {[%clk 0:00:52]} 34... Rd5 {[%clk 0:14:53]} 35. h4 {[%clk 0:00:52]}
35... Rxe5 {[%clk 0:15:03]} 36. Kg2 {[%clk 0:01:11]} 36... f5 {[%clk 0:12:16]}
37. gxf6 {[%clk 0:00:45]} 37... gxf6 {[%clk 0:12:32]} 38. Ne4 {[%clk 0:00:46]}
38... Kg7 {[%clk 0:11:59]} 39. Nd6 {[%clk 0:00:43]} 39... Nc7 {[%clk 0:11:41]}
40. Rg4+ {[%clk 0:00:32]} 40... Kf8 {[%clk 0:11:18]} 41. Rf4 {[%clk 0:24:02]}
41... Ke7 {[%clk 0:36:55]} 42. Nf5+ {[%clk 0:21:39]} 42... Ke6 {[%clk 0:37:20]}
43. Nd4+ {[%clk 0:21:58]} 43... Kf7 {[%clk 0:37:31]} 44. Nf3 {[%clk 0:18:25]}
44... Rc5 {[%clk 0:33:59]} 45. Ng5+ {[%clk 0:07:46]} 45... Kg6 {[%clk 0:34:11]}
46. Ne4 {[%clk 0:07:40]} 46... Rc6 {[%clk 0:33:48]} 47. Rg4+ {[%clk 0:07:26]}
47... Kf7 {[%clk 0:31:16]} 48. Ng3 {[%clk 0:07:20]} 48... Rc4 {[%clk 0:29:50]}
49. Ne4 {[%clk 0:06:56]} 49... Ke6 {[%clk 0:28:15]} 50. Kf3 {[%clk 0:07:12]}
50... Ke5 {[%clk 0:25:15]} 51. Nf2 {[%clk 0:02:32]} 51... Rxg4 {[%clk 0:24:53]}
52. Kxg4 {[%clk 0:02:56]} 52... Nd5 {[%clk 0:23:05]} 53. Kh5 {[%clk 0:02:57]}
53... Kd4 {[%clk 0:13:56]} 54. Kh6 {[%clk 0:02:35]} 54... Ne3 {[%clk 0:14:03]}
55. Nh3 {[%clk 0:00:37]} 55... b4 {[%clk 0:13:18]} 56. Nf4 {[%clk 0:00:31]}
56... b3 {[%clk 0:12:52]} 57. Ne2+ {[%clk 0:00:51]} 57... Kd3 {[%clk 0:13:20]}
58. Nc1+ {[%clk 0:00:38]} 58... Kc2 {[%clk 0:13:44]} 59. Nxb3 {[%clk 0:00:59]}
59... Kxb3 {[%clk 0:14:12]} 60. Kxh7 {[%clk 0:00:31]} 60... f5 {[%clk 0:14:27]}
61. Kg6 {[%clk 0:00:56]} 61... f4 {[%clk 0:14:48]} 62. h5 {[%clk 0:01:16]}
62... Ng4 {[%clk 0:14:54]} 63. Kg5 {[%clk 0:00:46]} 63... f3 {[%clk 0:15:18]}
64. Kxg4 {[%clk 0:01:06]} 64... f2 {[%clk 0:15:43]} 65. Kg5 {[%clk 0:01:34]}
65... f1=Q {[%clk 0:16:07]} 66. Kg6 {[%clk 0:02:02]} 66... Qf8 {[%clk 0:16:07]}
67. Kh7 {[%clk 0:02:27]} 67... Qf5+ {[%clk 0:16:25]} 68. Kh6 {[%clk 0:02:53]}
68... Qg4 {[%clk 0:16:50]} 0-1